[Event "Collado Villalba op-A 25th"]
[Site "Collado Villalba"]
[Date "2008.08.23"]
[Round "2"]
[White "Torres Samper, Rafael"]
[Black "Elissalt Cardenas, Hector"]
[Result "0-1"]
[WhiteElo "2068"]
[BlackElo "2317"]
[PlyCount "42"]
[EventDate "2008.08.22"]
[EventType "swiss"]
[EventRounds "9"]
[EventCountry "ESP"]
[SourceTitle "CBM 126 Extra"]
[Source "ChessBase"]
[SourceDate "2008.11.05"]
[SourceVersion "1"]
[SourceVersionDate "2008.11.05"]
[SourceQuality "1"]

1. e4 d6 2. d4 g6 3. Nc3 Bg7 4. Be3 c6 5. Qd2 b5 6. a3 a6 7. f3 Nd7 8. h4 h5 9. Nh3 Nb6 10. b3 Bxh3 11. Rxh3 Qc7 12. a4 Nf6 13. Kf2 0-0 14. Bd3 b4 15. Ne2 c5 16. a5 Nbd7 17. Bh6 cxd4 18. Bxg7 Kxg7 19. Nxd4 Qc5 20. Qe3 Ne5 21. Rah1 Neg4+ 0-1

[Event "Collado Villalba op 24th"]
[Site "Collado Villalba"]
[Date "2007.08.27"]
[Round "5"]
[White "Torres Samper, Rafael"]
[Black "Perez Cameselle, Francisco Jose"]
[Result "1/2-1/2"]
[WhiteElo "2099"]
[BlackElo "1996"]
[PlyCount "59"]
[EventDate "2007.08.23"]
[EventType "swiss"]
[EventRounds "9"]
[EventCountry "ESP"]
[SourceTitle "EXT 2008"]
[Source "ChessBase"]
[SourceDate "2007.11.25"]
[SourceVersion "1"]
[SourceVersionDate "2007.11.25"]
[SourceQuality "1"]

1. e4 c5 2. Nf3 Nc6 3. d4 cxd4 4. Nxd4 g6 5. Nc3 Bg7 6. Be3 Nf6 7. Bc4 d6 8. f3 Qb6 9. Nf5 Qxb2 10. Nxg7+ Kf8 11. Bd2 Kxg7 12. 0-0 Qb4 13. Qe2 Nd4 14. Qd3 Nxc2 15. Rac1 Qb6+ 16. Kh1 Nb4 17. Qe2 Nc6 18. Be3 Qd8 19. Qb2 Ne5 20. Be2 Be6 21. Nb5 Nc6 22. Rfd1 Qa5 23. Nd4 Nxd4 24. Bxd4 Qxa2 25. Qxb7 Rhe8 26. Qa6 Qxa6 27. Bxa6 Rab8 28. Rb1 Kf8 29. Bb7 Bc8 30. Bc6 1/2-1/2